| 000 | 01190nam0a22002651 4500 | ||
|---|---|---|---|
| 001 | RU\NLR\19V\932321 | ||
| 005 | 20260408075947.0 | ||
| 035 | _a(NLR Aleph) 010350504 | ||
| 090 |
_a10743798 _c10743798 |
||
| 100 | _a20110210d1858 |||y0rusy50 ca | ||
| 101 | 0 | _arus | |
| 102 | _aRU | ||
| 105 | _ay z ||||| | ||
| 200 | 1 |
_aОб отмене составления таксы на печеный хлеб в С.-Петербурге _eдоклад Комиссии о пользах и нуждах общественных (от 22 февр. 1858 г.) |
|
| 210 |
_a[Санктпетербург _d1858] |
||
| 215 |
_a8 с. _d34 |
||
| 300 |
_aВ надзаг.: С.-Петербургская гор. общ. дума _aБез тит. л. и обл. |
||
| 710 | 0 | 2 |
_aПетербургская городская комиссия о пользах и нуждах общественных _9850009 _3RU\NLR\AUTH\8810176913 |
| 712 | 0 | 2 |
_4570 _aПетербургская городская общая дума _9671198 _3RU\NLR\AUTH\8810084579 |
| 801 | 0 |
_aRU _bNLR _c20110210 _gpsbo |
|
| 801 | 1 |
_aRU _bNLR _c20110210 _2rusmarc |
|
| 852 |
_aNLR _j18.107.1.264 |
||
| 942 | _cBOOK | ||
| 980 | _aNB | ||